000 01267nam a2200313 ia4500
003 OSt
005 20260525114027.0
008 260517t20252025nyuoab br 001 0 eng d
020 _a9781510559110
_cRM137.50
_qhardback
040 _aPPAK
_beng
_cPPAK
_erda
082 0 4 _223
_a522.2
090 0 0 _a522.2
_bHOP
_dK
100 1 _aHopkins, Linda,
_eauthor.
_q(Linda K. Hopkins)
245 1 0 _aUsing a Telescope /
_cLinda Hopkins
264 1 _aNew York :
_bLightbox Learning Inc.,
_c[2025?]
264 4 _c©2025
300 _a24 pages :
_bcolour photographs, colour illustrations, colour maps ;
_c26 cm
336 _atext
_2rdacontent
337 _aunmediated
_2rdamedia
338 _avolume
_2rdacarrier
490 1 _aSUPER SCIENCE TOOLS
500 _aIncludes index.
520 _a"A telescope makes distant objects appear closer. Telescopes can be used to view celestial bodies in space that are very far away, such as stars and planets. Discover more in Using a Telescope, part of the Super Science Tools series."-- Back cover
650 1 0 _aTelescopes
_vJuvenile literature
650 2 0 _aScience tools
_vJuvenile literature
650 2 0 _aAstronomy
_vJuvenile literature
830 0 _aSuper Science tools
942 _2ddc
_cB
999 _c204295
_d204295